Joueur d'une équipe - Statistiques

Statistiques générales
  • Ce quiz a été pris 451 fois
  • Le résultat moyen est 44 sur 60
Statistiques - réponses
Question Tuile Select % Correct
Joueur du PSG 2023-2024 Kane Non
99%
Joueur du PSG 2023-2024 Haller Non
97%
Joueur du PSG 2023-2024 Ruben Dias Non
97%
Joueur du Barca 2023-2024 Kante Non
95%
Joueur du Barca 2023-2024 Pogba Non
95%
Joueur du Barca 2023-2024 Son Non
95%
Joueur du Barca 2023-2024 Modric Non
94%
Joueur de Manchester City 2023-2024 Ben Arfa Non
93%
Joueur du PSG 2023-2024 Donnaruma Oui
93%
Joueur de Manchester City 2023-2024 Maguire Non
93%
Joueur de Manchester City 2023-2024 Neymar Non
93%
Joueur de Manchester City 2023-2024 Quaresma Non
92%
Joueur du PSG 2023-2024 Mbappé Oui
91%
Joueur du Barca 2023-2024 Messi Non
91%
Joueur du Barca 2023-2024 Gavi Oui
90%
Joueur du Barca 2023-2024 Pedri Oui
89%
Joueur du PSG 2023-2024 Presnel kimpembe Oui
89%
Joueur de Manchester City 2023-2024 Grealish Oui
88%
Joueur de Manchester City 2023-2024 Halland Oui
88%
Joueur du Barca 2023-2024 Kounde Oui
88%
Joueur de Manchester City 2023-2024 Ederson Oui
86%
Joueur de Manchester City 2023-2024 Rodri Oui
86%
Joueur de Manchester City 2023-2024 Ruben Dias Oui
86%
Joueur du PSG 2023-2024 Lucas Hernandez Oui
84%
Joueur du PSG 2023-2024 Ousmane dembelé Oui
83%
Lens 2023-2024 Raphael Varane Non
83%
Joueur du PSG 2023-2024 G.Ramos Oui
81%
Lens 2023-2024 Atal Non
80%
Lens 2023-2024 Dante Non
80%
Joueur du Barca 2023-2024 Dembelé Non
80%
Lens 2023-2024 Samba Oui
80%
Joueur de Manchester City 2023-2024 Jesus Non
77%
Joueur de Manchester City 2023-2024 Sterling Non
77%
Joueur du PSG 2023-2024 Messi Non
76%
Joueur du PSG 2023-2024 Neymar Non
73%
Lens 2023-2024 Sanson Non
73%
Joueur du Barca 2023-2024 Torres Oui
73%
Lens 2023-2024 Moffi Non
72%
Lens 2023-2024 Wahi Oui
71%
Lens 2023-2024 Thomasson Oui
69%
Joueur du Barca 2023-2024 Joao Cancelo Oui
68%
Joueur du PSG 2023-2024 Verrati Non
68%
Joueur Strasbourg 2023-2024 Thomasson Non
63%
Joueur Strasbourg 2023-2024 Négo Non
62%
Joueur Strasbourg 2023-2024 Operi Non
61%
Joueur Strasbourg 2023-2024 Gameiro Oui
60%
Joueur Strasbourg 2023-2024 Gomis Non
60%
Joueur Strasbourg 2023-2024 Mamadou Non
60%
Joueur Strasbourg 2023-2024 N'Goura Non
59%
Joueur Strasbourg 2023-2024 Sels Oui
58%
Lens 2023-2024 Machado Oui
57%
Joueur de Manchester City 2023-2024 Gundogan Non
55%
Lens 2023-2024 Gradit Oui
54%
Joueur du Barca 2023-2024 Ansu Fati Non
44%
Joueur Strasbourg 2023-2024 Guilbert Oui
40%
Joueur Strasbourg 2023-2024 Delaine Oui
38%
Lens 2023-2024 N.Mendy Oui
33%
Joueur Strasbourg 2023-2024 Sissoko Oui
33%
Joueur Strasbourg 2023-2024 prcic Oui
32%
Lens 2023-2024 Camara Oui
20%
Aucun quiz correspondant
Distribution des résultats
% des personnes avec chaque résultat
Percentile par nombre de réponses
Votre historique - résultats
Vous n’avez pas pris ce quiz